Nghiên cứu chiết tách, xác định thành phần một số hợp chất trong quả mặc nưa
Tổng quan tài liệu: Giới thiệu về cây mặc nưa. Nguyên liệu và phương pháp nghiên cứu. Kết quả và thảo luận.
Đã lưu trong:
| 主要作者: | |
|---|---|
| 其他作者: | |
| 格式: | 圖書 |
| 語言: | Vietnamese |
| 出版: |
Đà Nẵng
Đại học Đà Nẵng
2009
|
| 主題: | |
| 標簽: |
添加標簽
沒有標簽, 成為第一個標記此記錄!
|
| Thư viện lưu trữ: | Mạng thư viện Đại học Đà Nẵng |
|---|
| LEADER | 01410nam a2200349 4500 | ||
|---|---|---|---|
| 001 | 000012078 | ||
| 003 | 8365 | ||
| 005 | 20120215140237.0 | ||
| 008 | 120215s2009 viesd | ||
| 041 | |a vie | ||
| 072 | |a Khóa luận tốt nghiệp | ||
| 082 | |a 661 |b HO-Q | ||
| 100 | |a Hồ, Thị Quế |e Tác giả | ||
| 245 | |a Nghiên cứu chiết tách, xác định thành phần một số hợp chất trong quả mặc nưa |c Hồ Thị Quế | ||
| 260 | |a Đà Nẵng |b Đại học Đà Nẵng |c 2009 | ||
| 300 | |a 48 tr. |b Bảng, biểu, Hình ảnh |c 29 cm | ||
| 500 | |a Khóa luận tốt nghiệp khoa Hóa. Lớp 05 HH | ||
| 520 | |a Tổng quan tài liệu: Giới thiệu về cây mặc nưa. Nguyên liệu và phương pháp nghiên cứu. Kết quả và thảo luận. | ||
| 653 | |a Nghiên cứu | ||
| 653 | |a Chiết tách | ||
| 653 | |a Quả mặc nưa | ||
| 700 | |a Đào Hùng Cường |c PGS.TS |e Hướng dẫn | ||
| OWN | |a LSP | ||
| AVA | |a UDN50 |b LSP |d 661 HO-Q |e available |t Error 5001 Not defined in file expand_doc_bib_avail. |f 1 |g 0 |h N |i 0 |k 1 | ||
| 999 | |a From the UDN01 | ||
| AVA | |a UDN50 |b LSP |d 661 HO-Q |e available |t Error 5001 Not defined in file expand_doc_bib_avail. |f 1 |g 0 |h N |i 0 |k 1 | ||
| TYP | |a Monograph | ||
| TYP | |a Printed language | ||
| 980 | |a Mạng thư viện Đại học Đà Nẵng | ||